000 00437nam a2200181Ia 4500
001 19597
005 20260306172705.0
008 260306t2017||||xx |||||||||||||| ||spa||
041 _aESP
082 _a340.7
_bC75 Nº 22
100 _aDelgado Barreto, César
_eAUT
245 0 _aDerecho internacional privado
260 _c2017
300 _a194 páginas :
_c20 cm.
650 _aGEN
654 _aCDE
942 _cLIB
_dJUS
_fJUS
_2ddc
_n
999 _c19597
_d19597